The Seaver genealogy; a genealogy, history and directory ... of the Seaver (Seavers, Sever, etc) families of Europe and America including descendants of the immigrant Robert Seaver, who came from England to Massachusetts in 1633; early English branch, dating back to A. D. 1287; the Irish branch, dating back to A. D. 1471, the Scottish branch,including descendants of King David of Scotland; the German branch, and the French branch,
Saved in:
| Main Author: | |
|---|---|
| Format: | Book |
| Language: | English |
| Published: |
Philadelphia,
1924.
|
| Subjects: | |
| Tags: |
Add Tag
No Tags, Be the first to tag this record!
|
| LEADER | 01013nam a2200217I 4500 | ||
|---|---|---|---|
| 001 | 006571359-1 | ||
| 005 | 20020606163548.3 | ||
| 008 | 810114s1924 pau 001 0 eng | ||
| 010 | |a 25002343 | ||
| 035 | 0 | |a ocm07063099 | |
| 040 | |a DLC |c OHI |d OHI |d HLS | ||
| 050 | 0 | |a CS71.S442 |b 1924 | |
| 100 | 1 | |a Seaver, Jesse, |d 1890- | |
| 245 | 1 | 4 | |a The Seaver genealogy; |b a genealogy, history and directory ... of the Seaver (Seavers, Sever, etc) families of Europe and America including descendants of the immigrant Robert Seaver, who came from England to Massachusetts in 1633; early English branch, dating back to A. D. 1287; the Irish branch, dating back to A. D. 1471, the Scottish branch,including descendants of King David of Scotland; the German branch, and the French branch, |c by Jesse Seaver. |
| 260 | |a Philadelphia, |c 1924. | ||
| 300 | |a ii, 114, ix p. |c 28 cm. | ||
| 500 | |a Autographed from type-written copy. | ||
| 500 | |a "First edition--200 copies." | ||
| 600 | 3 | 0 | |a Sievers family |
| 988 | |a 20020608 | ||
| 906 | |0 DLC | ||


